000 00295nam a22001337a 4500
008 170810b xxu||||| |||| 00| 0 eng d
020 _a0471043281
041 _aeng
080 _a004
100 _a35
101 _aSHKI
245 _aTHE ART OF SOFTWARE TESTING
_cMYESS, G.J
942 _2udc
_cBK
999 _c23107
_d23107